Score 0/32 Timer 12:00
0 Plays Today
Number Club Member % Correct
1Heurelho Gomes
98.5%
3Gareth Bale
94.6%
18Jermain Defoe
93.1%
7Aaron Lennon
89.9%
20Michael Dawson
88.9%
26Ledley King
88.6%
15Peter Crouch
87.7%
10Robbie Keane
86.7%
14Luka Modric
86.4%
23Carlo Cudicini
84.9%
6Tom Huddlestone
83.2%
2Alan Hutton
76.3%
8Jermaine Jenas
75.8%
9Roman Pavlyuchenko
75.8%
22Vedran Corluka
74.8%
4Younes Kaboul
71.6%
Number Club Member % Correct
13William Gallas
69.9%
5David Bentley
69.1%
21Niko Kranjcar
66.7%
19Sebastien Bassong
64.4%
12Wilson Palacios
63.2%
28Kyle Walker
62.5%
39Jonathan Woodgate
61.7%
25Danny Rose
57.5%
30Sandro
57.3%
27Ben Alnwick
55.1%
16Kyle Naughton
52.6%
11Rafael Van der Vaart
40.2%
24Jamie O'Hara
36.3%
37Stipe Pletikosa
34.3%
17Giovani Dos Santos
33.3%
32Benoit Assuo-Ekotto
6.4%
Remove Ads.
Support Sporcle.
Get the best of Sporcle when you Go Orange. This ad-free experience offers more features, more stats, and more fun while also helping to support Sporcle. Thank you for becoming a member.

You're not logged in!

Compare scores with friends on all Sporcle quizzes.
OR
Log In

Show Comments

Extras

Top Quizzes Today


Score Distribution

Your Account Isn't Verified!

In order to create a playlist on Sporcle, you need to verify the email address you used during registration. Go to your Sporcle Settings to finish the process.

Report this User

Report this user for behavior that violates our Community Guidelines.

Details: